Sistema Penale e Sicurezza Pubblica Commento alla legge 24 luglio 2008 n. 125

Detalles Bibliográficos
Formato: eBook
Lenguaje:italiano
Publicado: Bari : Cacucci Editore, 2008
Materias:
Acceso en línea:http://www.vlex.com/source/6801

MARC

LEADER 00000nam a22000007a 4500
005 20130215103608.0
007 cr|||| ||||
008 130215e2008 it |||||s|||| 00| 0 ita d
035 |a 6801 
040 |a vLex 
090 |c 3647  |d 3647 
245 0 0 |a Sistema Penale e Sicurezza Pubblica  |b Commento alla legge 24 luglio 2008 n. 125  |h [Recurso electrn̤ico]  
256 |a Servicio en ln̕ea 
260 |a Bari :  |b Cacucci Editore,  |c 2008  
300 |a 1 Recurso electrn̤ico 
650 0 4 |a Derecho penal  |z Italia 
740 |a vLex Libros (Servicio en ln̕ea) 
856 |u http://www.vlex.com/source/6801 
942 |c BOOK 
999 0 |a Penal law